[Event "FRA-ch U12 Girls"]
[Site "Le Grand Bornand"]
[Date "2003.??.??"]
[Round "4.6"]
[White "Genzling, Sylvie"]
[Black "Griffon, Justine"]
[Result "1-0"]
[WhiteElo "1740"]
[BlackElo "1410"]
[PlyCount "71"]
[EventDate "2003.??.??"]
[EventType "swiss"]
[EventRounds "9"]
[EventCountry "FRA"]
[SourceTitle "EXT 2004"]
[Source "ChessBase"]
[SourceDate "2003.11.25"]
[SourceVersion "1"]
[SourceVersionDate "2003.11.25"]
[SourceQuality "1"]

1. e4 e5 2. Nf3 Nc6 3. d4 exd4 4. Bc4 Bc5 5. c3 dxc3 6. Bxf7+ Kxf7 7. Qd5+ Ke8 8. Qxc5 d6 9. Qxc3 Nf6 10. 0-0 Rf8 11. Bg5 Rf7 12. Nbd2 Kf8 13. Nc4 Kg8 14. Rad1 h6 15. Bxf6 Qxf6 16. Qb3 Bg4 17. Rd3 b6 18. h3 Be6 19. Qc3 Qxc3 20. Rxc3 Raf8 21. Ncd2 Ne5 22. Nd4 Bd7 23. Rxc7 Nd3 24. b3 a6 25. Rb7 b5 26. Rb6 Nxf2 27. N4f3 Nxh3+ 28. gxh3 Bxh3 29. Rf2 Bg4 30. Kg2 Bh5 31. Rxd6 g5 32. Rd5 Bg6 33. Rf1 Re7 34. Re1 g4 35. Nh4 Bf7 36. Nf5 1-0